000 00495nam a2200181 i 4500
001 29120
003 ES-MaACL
005 20240412063004.0
007 t|
008 030121s1973 sp ||||1| spa d
100 0 _aBarbero, Teresa,
_d1932-
_925438
245 1 3 _aUn tiempo irremediablemente falso /
_cTeresa Barbero.
250 _a[1ยช ed.].
260 _aMadrid :
_bSala,
_c[1973]
300 _a341 p. ;
_c20 cm.
852 _aES-MaACL
_jC-52545
_bR.85545
999 _c29120
_d29120